000 00466cam a2200145 4500500
005 20251228074213.0
041 _afre
042 _adc
100 1 0 _aMichelot, Isabelle
_eauthor
245 0 0 _aJeux d'optique dans le texte balzacien
260 _c2004.
500 _a8
786 0 _nL'Année balzacienne | 5 | 1 | 2004-03-01 | p. 341-354 | 0084-6473
856 4 1 _uhttps://shs.cairn.info/revue-l-annee-balzacienne-2004-1-page-341?lang=fr&redirect-ssocas=7080
999 _c1597121
_d1597121